International economics : theory & policy /

Bibliographic Details
Main Author: Krugman, Paul R.
Other Authors: Obstfeld, Maurice, Melitz, Marc J.
Format: Book
Language:English
Published: Boston : Pearson Addison-Wesley, [2012]
Edition:9th ed.
Series:Pearson series in economics.
Subjects:

MARC

Tag First Indicator Second Indicator Subfields
LEADER 00000cam a2200000 a 4500
001 in00002784320
005 20151202171842.0
008 100729s2012 maua b 001 0 eng
010 |a  2010031988 
020 |a 9780132146654 
020 |a 0132146657 
035 |a (OCoLC)ocn651153796 
040 |a DLC  |c DLC  |d TXA  |d UtOrBLW 
049 |a TXAM 
050 0 0 |a HF1359  |b .K78 2012 
082 0 0 |a 337  |2 22 
100 1 |a Krugman, Paul R. 
245 1 0 |a International economics :  |b theory & policy /  |c Paul R. Krugman, Maurice Obstfeld, Marc J. Melitz. 
250 |a 9th ed. 
264 1 |a Boston :  |b Pearson Addison-Wesley,  |c [2012] 
264 4 |c ©2012 
300 |a xxix, 701 pages :  |b illustrations (some color) ;  |c 26 cm. 
336 |a text  |b txt  |2 rdacontent 
337 |a unmediated  |b n  |2 rdamedia 
338 |a volume  |b nc  |2 rdacarrier 
490 1 |a The Pearson series in economics 
500 |a Revised edition of: International economics : theory and policy / Paul Krugman, Maurice Obstfeld. 8th edition. 
504 |a Includes bibliographical references and index. 
505 0 |a Part 1: International trade theory. World trade : an overview ; Labor productivity and comparative advantage : the Ricardian model ; Specific factors and income distribution ; Resources and trade : the Heckscher-Ohlin model ; The standard trade model ; External economies of scale and the international location of production ; Firms in the global economy : export decisions, outsourcing, and multinational enterprises -- Part 2: International trade policy. The instruments of trade policy ; The political economy of trade policy ; Trade policy in developing countries ; Controversies in trade policy -- Part 3: Exchange rates and open-economy macroeconomics. National income accounting and the balance of payments ; Exchange rates and the foreign exchange market : an asset approach ; Money, interest rates, and exchange rates ; Price levels and the exchange rate in the long run ; Output and the exchange rate in the short run ; Fixed exchange rates and foreign exchange -- Part 4: International macroeconomic policy. International monetary systems : an historical overview ; Optimum currency areas and the European experience ; Financial globalization : opportunity and crisis ; Developing countries : growth, crisis, and reform -- Mathematical postscripts. 
650 0 |a International economic relations. 
650 0 |a International finance. 
700 1 |a Obstfeld, Maurice. 
700 1 |a Melitz, Marc J. 
830 0 |a Pearson series in economics. 
948 |a cataloged  |b h  |c 2012/12/17  |d c  |e dmitchel  |f 8:10:20 am 
994 |a C0  |b TXA 
999 |a MARS 
999 f f |s f3d19dbd-8ee3-3770-861a-4c2014330f12  |i 946f957e-3e80-3373-96f0-8b3c253d60f6  |t 0 
952 f f |p normal  |a Texas A&M University  |b College Station  |c Sterling C. Evans Library  |d Evans: Library Stacks  |t 0  |e HF1359 .K78 2012  |h Library of Congress classification  |i unmediated -- volume  |m A14838074705 
998 f f |a HF1359 .K78 2012  |t 0  |l Evans: Library Stacks